000 00794nam a22002777a 4500
005 20230310094457.0
008 230310b ||||| |||| 00| 0 eng d
040 _cAL
041 _aeng
082 _223
_a590/216
_bJORC
100 _aE L Jordan
_974902
100 _dVISHNOI (H S)
_974883
245 _aChordate zoology and elements of animal physiology
250 _a4
260 _aNew Delhi
_bS Chand & Co Pvt Ltd
_c1974
300 _axii,830p.
_bHB
_c21x14cm.
365 _2Zoology
650 _aPhylum Chordata
_974884
650 _aSubphylum Acrania
_974885
650 _aSkeletal System
_974886
650 _aCoelom and Digestive System
_974887
650 _aAnimal Physiology
_974888
700 _aJORDAN (E L)
_974889
700 _aVISHNOI (H S)
_974890
942 _2ddc
_cBB
999 _c226963
_d226963